| 000 | 00651cam a22002418a 4500 | ||
|---|---|---|---|
| 020 | _a0072439564 (pbk.) | ||
| 020 | _a9780072439564 (pbk.) | ||
| 020 | _a0071111123 | ||
| 020 | _a9780071111126 | ||
| 040 | _cUKM | ||
| 082 | _a333 WIL 2005 C314 Or. | ||
| 100 | 1 | _aCunningham, William P. | |
| 245 | 1 | 0 |
_aEnvironmental science : _ba global concern / |
| 250 | _a8th ed. | ||
| 260 |
_aNew York ; _aLondon : _bMcGraw-Hill, _c2004. |
||
| 300 | _a1 v. | ||
| 500 | _aPrevious ed.: 2003. | ||
| 500 | _aIncludes index. | ||
| 650 | 0 | _aEnvironmental sciences. | |
| 700 | 1 | _aCunningham, Mary Ann. | |
| 700 | 1 | _aSaigo, Barbara Woodworth. | |
| 942 | _cREC | ||
| 999 |
_c22177 _d22177 |
||